000
00404nam a22001697a 4500
003
MPLRDC
005
20220104144510.0
008
210129b ||||| |||| 00| 0 eng d
082
_a
859.6 KK
100
_a
林世敏著, 刘邦光绘
245
_a
释迦牟尼佛
_c
250
_a
初版
260
_a
_b
马佛青总会佛教文摘社
_c
2001
300
_b
平
650
_a
942
_c
BK
_o
859.6 KK
999
_c
50195
_d
50185